000 00902nam0a22002651 4500
001 rc\4349357
005 20250611161043.0
021 _aRU
_b[61-88804]
035 _a(NLR Aleph) 008277688
090 _a8496598
_c8496598
100 _a20130416d1961 |||y0rusy50 ca
101 0 _arus
102 _aRU
105 _aa z |||||
200 1 _a[Альбом репродукций
_fСост. и авт. вступ. статьи Т. Горина
210 _aМосква
_cИзогиз
_d1961
215 _a[16] с., 15 л. ил.
_cил.
_d22
225 1 _aМастера русского искусства
700 1 _aГе
_bН.Н.
_f1831-1894
_gНиколай Николаевич
_4040
702 1 _aГорина
_bТ.Н.
_gТатьяна Николаевна
_4220
_4080
801 0 _aRU
_bNLR
_gpsbo
801 1 _aRU
_bELAR
_2rusmarc
852 _aNLR
_jЭ АлИс590/2-Г270
942 _cBOOK
980 _aNB